|
|
|
|
| LEADER |
00660nab a2200181 i 4500 |
| 001 |
acta11018 |
| 005 |
20210607144142.0 |
| 008 |
161015s1972 hu o 0|| ita d |
| 022 |
|
|
|a 0567-8102
|
| 040 |
|
|
|a SZTE Egyetemi Kiadványok Repozitórium
|b hun
|
| 041 |
|
|
|a ita
|
| 100 |
2 |
|
|a Koltay-Kastner Jenő
|
| 245 |
1 |
0 |
|a Jenő Koltay-Kastner
|h [elektronikus dokumentum] /
|c Koltay-Kastner Jenő
|
| 260 |
|
|
|c 1972
|
| 300 |
|
|
|a 155-161
|
| 490 |
0 |
|
|a Acta Universitatis Szegediensis de Attila József nominatae : acta germanica et romanica
|
| 695 |
|
|
|a Irodalomtudomány
|
| 856 |
4 |
0 |
|u http://acta.bibl.u-szeged.hu/11018/1/germanica_et_romanica_006_155-161.pdf
|z Dokumentum-elérés
|